Krishideepika (Record no. 18019)
[ view plain ]
| 000 -LEADER | |
|---|---|
| fixed length control field | 00256nam a22001217a 4500 |
| 003 - CONTROL NUMBER IDENTIFIER | |
| control field | OSt |
| 008 - FIXED-LENGTH DATA ELEMENTS--GENERAL INFORMATION | |
| fixed length control field | 231116b |||||||| |||| 00| 0 eng d |
| 041 ## - LANGUAGE CODE | |
| Language code of text/sound track or separate title | eng |
| 082 ## - DEWEY DECIMAL CLASSIFICATION NUMBER | |
| Classification number | Krishideepika |
| 100 ## - MAIN ENTRY--AUTHOR NAME | |
| Personal name | Sayeed P.M |
| 245 ## - TITLE STATEMENT | |
| Title | Krishideepika |
| 942 ## - ADDED ENTRY ELEMENTS (KOHA) | |
| Koha item type | Books |
| Withdrawn status | Lost status | Damaged status | Home library | Current library | Date acquired | Full call number | Accession Number | Koha item type |
|---|---|---|---|---|---|---|---|---|
| Withdrawn | KAUAET | KAUAET | 16/11/2023 | Krishideepika | 13115 | Books | ||
| Withdrawn | KAUAET | KAUAET | 16/11/2023 | Krishideepika | 13120 | Books | ||
| Withdrawn | KAUAET | KAUAET | 16/11/2023 | Krishideepika | 13117 | Books | ||
| Withdrawn | KAUAET | KAUAET | 16/11/2023 | Krishideepika | 13118 | Books | ||
| Withdrawn | KAUAET | KAUAET | 16/11/2023 | Krishideepika | 13119 | Books |
